Searching for sense and humanity : (Record no. 249)

MARC details
000 -LEADER
fixed length control field 01723cam a2200373 a 4500
001 - CONTROL NUMBER
control field 14664810
003 - CONTROL NUMBER IDENTIFIER
control field OSt
005 - DATE AND TIME OF LATEST TRANSACTION
control field 20230605094424.0
008 - FIXED-LENGTH DATA ELEMENTS--GENERAL INFORMATION
fixed length control field 061211s2006 rw b 000 0 eng
010 ## - LIBRARY OF CONGRESS CONTROL NUMBER
LC control number 2006318688
020 ## - INTERNATIONAL STANDARD BOOK NUMBER
International Standard Book Number 9789970025947
020 ## - INTERNATIONAL STANDARD BOOK NUMBER
International Standard Book Number 9970025945
040 ## - CATALOGING SOURCE
Original cataloging agency DLC
Transcribing agency DLC
Modifying agency DLC
041 0# - LANGUAGE CODE
Language code of text/sound track or separate title eng
-- lug
042 ## - AUTHENTICATION CODE
Authentication code lcode
043 ## - GEOGRAPHIC AREA CODE
Geographic area code f-rw---
082 ## - DEWEY DECIMAL CLASSIFICATION NUMBER
Classification number 322.4
Item number PET
245 00 - TITLE STATEMENT
Title Searching for sense and humanity :
Remainder of title civil society and the struggle for a better Rwanda : a report of the fact-finding mission to Rwanda organised under the auspices of Kituo Cha Katiba, July, 2004 - February, 2006 /
Statement of responsibility, etc. compiled and edited by Chris Maina Peter and Edith Kibalama.
246 15 - VARYING FORM OF TITLE
Title proper/short title Ugushakisha ukuri n'ubumuntu :
Remainder of title sosiyete sivili n'urugamba rwo guharanira u Rwanda rwiza : raporo y'ubushakashatsi ku Rwanda yakozwe mu rwego rwa Kituo Cha Katiba, Nyakanga, 2004-Gashyantare, 2006
246 30 - VARYING FORM OF TITLE
Title proper/short title Civil society and the struggle for a better Rwanda
260 ## - PUBLICATION, DISTRIBUTION, ETC. (IMPRINT)
Place of publication, distribution, etc. Kampala, Uganda :
Name of publisher, distributor, etc. Fountain Publishers Ltd ;
Place of publication, distribution, etc. Oxford, U.K. :
Name of publisher, distributor, etc. African Books Collective [distributor],
Date of publication, distribution, etc. 2006.
300 ## - PHYSICAL DESCRIPTION
Extent xi, 219, xiv, 220 p. :
Other physical details maps ;
Dimensions 22 cm.
500 ## - GENERAL NOTE
General note "Kituo Cha Katiba" (1 folded pamphlet) inserted.
504 ## - BIBLIOGRAPHY, ETC. NOTE
Bibliography, etc Includes bibliographical references (p. 177-192).
546 ## - LANGUAGE NOTE
Language note English and Ganda; text bound back to back and inverted.
650 #0 - SUBJECT ADDED ENTRY--TOPICAL TERM
Topical term or geographic name as entry element Civil society
Geographic subdivision Rwanda.
650 #0 - SUBJECT ADDED ENTRY--TOPICAL TERM
Topical term or geographic name as entry element Genocide
Geographic subdivision Rwanda.
700 1# - ADDED ENTRY--PERSONAL NAME
Personal name Peter, Chris Maina,
Dates associated with a name 1954-
700 1# - ADDED ENTRY--PERSONAL NAME
Personal name Kibalama, Edith.
856 41 - ELECTRONIC LOCATION AND ACCESS
Materials specified Table of contents only
Uniform Resource Identifier <a href="http://www.loc.gov/catdir/toc/fy0712/2006318688.html">http://www.loc.gov/catdir/toc/fy0712/2006318688.html</a>
906 ## - LOCAL DATA ELEMENT F, LDF (RLIN)
a 7
b cbc
c origode
d 3
e ncip
f 20
g y-gencatlg
942 ## - ADDED ENTRY ELEMENTS (KOHA)
Source of classification or shelving scheme Dewey Decimal Classification
Koha item type Books
Holdings
Withdrawn status Lost status Source of classification or shelving scheme Damaged status Not for loan Home library Current library Date acquired Total Checkouts Full call number Barcode Date last seen Price effective from Koha item type
    Dewey Decimal Classification     Bunge Tower Library Bunge Tower Library 06/05/2023   322.4 PET 10014769 06/05/2023 06/05/2023 Books
LIBRARY OPENING HOURS

When the Parliament is sitting: 8.00a.m - 7.00p.m or until the house adjourns
Mondays and Fridays and when the House is on Recess:  8.00a.m - 5.00p.m
Closed on Weekends and Public Holidays

Online Public Access Catalog (OPAC)
Website: http://www.parliament.go.ke
Bunge Library: https://libraryir.parliament.go.ke
Contact: library@parliament.go.ke | Tel no: (254-2)2221291 or 2848000 Ext 5043